00566nam a2200169 a 450000100100000000500170001000800410002704000250006808200160009310000300010924500440013926000450018330000280022804900090025695201140026599900170037900001669920200929164941.0100309s1997 dr a 000 0 spa d aDO-SdBNPbspacBNPHU axxxxbA347e1 aAlcántara, Anibal9663310aEnglish two plus /cAnibal Alcántara. aSanto Domingo :bAmigo del hogar,c1997. a137 p. :bil. ;c23 cm. aBNPD 0010718PDaPDbPDcCTd2010-03-09iLF1l0oxxxx A347ep16699-10r2020-06-25w2020-06-25yLFPDZNo se presta c16232d16232